000 00296nam a22001337a 4500
008 170912b xxu||||| |||| 00| 0 eng d
020 _a9780805391985
041 _aeng
080 _210 ED
_a53
100 _a43
101 _aFIZ
245 _aCONCEPTUAL PHYSICS
_cPAUL.G.H
942 _2udc
_cBK
999 _c27373
_d27373